|
|
|
|
| LEADER |
00000nam0a2200000 4500 |
| 001 |
259160 |
| 005 |
20260326071549.0 |
| 010 |
|
|
|a 5235003136
|
| 035 |
|
|
|a (RuTPU)RU\TPU\book\282075
|
| 090 |
|
|
|a 259160
|
| 100 |
|
|
|a 20140506d1988 k y0rusy50 ca
|
| 101 |
0 |
|
|a rus
|
| 102 |
|
|
|a RU
|
| 105 |
|
|
|a y z 000zy
|
| 200 |
1 |
|
|a Задачи союзов молодежи
|e речь на III Всеросийском съезде Российского Коммунистического Союза Молодежи 2 октября 1920 года
|f В. И. Ленин
|
| 210 |
|
|
|a Москва
|c Молодая гвардия
|d 1988
|
| 215 |
|
|
|a 31 с.
|
| 600 |
|
1 |
|a Ленин
|b В. И.
|c настоящая фамилия Ульянов
|c российский политический деятель
|f 1870-1924
|g Владимир Ильич
|2 stltpush
|3 (RuTPU)RU\TPU\pers\1074
|9 486
|
| 606 |
|
|
|a Ленин В. И.
|j Отдельные произведения
|7 ca
|8 rus
|2 stltpush
|3 (RuTPU)RU\TPU\subj\73029
|9 86288
|
| 606 |
1 |
|
|a ВЛКСМ
|x История
|2 stltpush
|3 (RuTPU)RU\TPU\subj\2606
|9 31155
|
| 610 |
1 |
|
|a молодежь
|
| 610 |
1 |
|
|a комсомольская организация
|
| 610 |
1 |
|
|a государственные деятели
|
| 686 |
|
|
|a Т3(2)6-8Ленин156
|v LBC/SL-A
|2 rubbk
|
| 686 |
|
|
|a Ф75(2)12
|v LBC/SL-A
|2 rubbk
|
| 700 |
|
1 |
|a Ленин
|b В. И.
|c настоящая фамилия Ульянов
|c российский политический деятель
|f 1870-1924
|g Владимир Ильич
|2 stltpush
|3 (RuTPU)RU\TPU\pers\1074
|9 486
|
| 801 |
|
1 |
|a RU
|b 63413507
|c 20140506
|
| 801 |
|
2 |
|a RU
|b 63413507
|c 20220411
|g RCR
|
| 942 |
|
|
|c BK
|